Regionálne disparity životnej úrovne na Slovensku

Životná úroveň predstavuje jednu z najvýznamnejších kategórií kvality života. Medzi jej základné komponenty zaraďujeme potreby, spotrebu a životné podmienky. Autorky sa v práci orientujú na spotrebu, ktorú je možné prostredníctvom štatistiky rodinných účtov kvantifikovať. Cieľom príspevku bolo pouká...

Descrizione completa

Salvato in:
Dettagli Bibliografici
Autore principale: Chinoracká, Andrea
Altri autori: Antalová, Mária, 1952-
Natura: Capitolo di libro
Lingua:slovacco
Soggetti:
Tags: Aggiungi Tag
Nessun Tag, puoi essere il primo ad aggiungerne!!

MARC

LEADER 00000nla a2200000 4500
001 0170089
005 20240502072938.6
041 0 |a slo 
044 |a SK 
245 1 0 |a Regionálne disparity životnej úrovne na Slovensku  |c Andrea Chinoracká, Mária Antalová 
520 |a Životná úroveň predstavuje jednu z najvýznamnejších kategórií kvality života. Medzi jej základné komponenty zaraďujeme potreby, spotrebu a životné podmienky. Autorky sa v práci orientujú na spotrebu, ktorú je možné prostredníctvom štatistiky rodinných účtov kvantifikovať. Cieľom príspevku bolo poukázať na regionálne disparity medzi jednotlivými regiónmi Slovenskej republiky. Zameraním sa na komparáciu Bratislavského a Prešovského kraja sa získali informácie o najrozvinutejšom a najmenej vyspelom kraji Slovenka. 
610 2 0 |a spotreba domácností 
610 2 0 |a účty rodinné 
610 2 0 |a úroveň životná 
610 2 0 |a kvalita života 
610 2 0 |a regióny 
610 2 0 |a Slovensko 
100 1 |a Chinoracká, Andrea 
700 1 |a Antalová, Mária, 1952-